Flood Risk Assessment and Management (Record no. 541467)

000 -LEADER
fixed length control field 00586cam a22001692 b4500
020 ## - INTERNATIONAL STANDARD BOOK NUMBER
International Standard Book Number 9048199166 (Trade Cloth)
020 ## - INTERNATIONAL STANDARD BOOK NUMBER
International Standard Book Number 9789048199167
082 ## - DEWEY DECIMAL CLASSIFICATION NUMBER
Classification number 627.4
Author Mark SCH
-- N-04 , P-73
100 1# - MAIN ENTRY--PERSONAL NAME
Personal name Schumann, Andreas H.
9 (RLIN) 36377
245 10 - TITLE STATEMENT
Title Flood Risk Assessment and Management
Remainder of title How to Specify Hydrological Loads, Their Consequences and Uncertainties
260 ## - PUBLICATION, DISTRIBUTION, ETC.
Place of publication, distribution, etc. New York :
Name of publisher, distributor, etc. Springer
Date of publication, distribution, etc. Jan. 2011
520 8# - SUMMARY, ETC.
Summary, etc. Annotation
526 ## - STUDY PROGRAM INFORMATION NOTE
Program name 0
Interest level 0
Reading level 0
Title point value 627_400000000000000_SCH
650 ## - SUBJECT ADDED ENTRY--TOPICAL TERM
Topical term or geographic name entry element NUST
9 (RLIN) 6342
856 40 - ELECTRONIC LOCATION AND ACCESS
Uniform Resource Identifier <a href="http://www.columbia.edu/cgi-bin/cul/resolve?clio8790322">http://www.columbia.edu/cgi-bin/cul/resolve?clio8790322</a>
942 ## - ADDED ENTRY ELEMENTS (KOHA)
Source of classification or shelving scheme
Koha item type Book
Holdings
Withdrawn status Lost status Source of classification or shelving scheme Damaged status Not for loan Permanent Location Current Location Shelving location Date acquired Total Checkouts Full call number Barcode Date last seen Copy number Price effective from Koha item type Public note
          Military College of Engineering (MCE) Military College of Engineering (MCE) Reference 07/30/2013   627.4 SCH MCE-47931 07/30/2013 01 03/14/2021 Book Original Book
© 2023 Central Library, National University of Sciences and Technology. All Rights Reserved.